CCNA : Cisco Certified Network Associate

保存先:
書誌詳細
第一著者: Lammle, Todd
フォーマット: 図書
言語:Undetermined
出版事項: America Wiley 2005
主題:
タグ: タグ追加
タグなし, このレコードへの初めてのタグを付けませんか!
Thư viện lưu trữ: Trung tâm Học liệu Trường Đại học Cần Thơ
LEADER 00602nam a2200217Ia 4500
001 CTU_179459
008 210402s9999 xx 000 0 und d
020 |c 291800 
082 |a 004.6 
082 |b L231 
100 |a Lammle, Todd 
245 0 |a CCNA : 
245 0 |b Cisco Certified Network Associate 
245 0 |c Todd Lammle 
260 |a America 
260 |b Wiley 
260 |c 2005 
650 |a Electronic data processing personnel,Computer networks,Mạng máy tính 
650 |x Certification,Examinations 
904 |i nhi 
980 |a Trung tâm Học liệu Trường Đại học Cần Thơ